000 00967nam a2200289Ia 4500
003 OSt
005 20220930090330.0
006 a|||||r|||| 00| 0
007 ta
008 220926b |||||||| |||| 00| 0 eng d
024 _a109256
037 _cTheses
040 _aCRL
_cCRL
_beng
041 _2eng
_aeng
100 _aMakker Jasbir Singh
_9542307
110 _aUniversity of Delhi. Faculty of Medical Sciences. Department of Medicine
245 0 _aStudy on genetic polymorphism of alpha1-antitrypsin gene in asthma
260 _c2007
300 _a78p.
_ap.
_ccm.
650 _aMEDICINE
700 _a Dr. D. P. Bhadoria Gu.
_9536064
700 _a Dr. G. L. Sharma Gu.
_9540073
700 _a Dr. S. V. Madhu Gu.
_9532943
700 _aUniversity of Delhi. Faculty of Medical Sciences. Department of Medicine
942 _cDIS
_2CC
999 _c880400
_d880400